Top 10 Transfers der letzten 10 Jahre - Statistiken

Allgemein
  • Dieses Quiz wurde 675 mal gespielt
  • Das Durchschnittsergebnis liegt bei 37 aus 100
Antwortstatistiken
X Ablöse Saison Aufnehmender Verein % Korrekt
2 88,00 Mio. € Neymar FC Barcelona
93%
1 222,00 Mio. € Neymar Paris SG
93%
2 117,00 Mio. € Cristiano Ronaldo Juventus Turin
90%
1 180,00 Mio. € Kylian Mbappé Paris SG
83%
4 84,70 Mio. € Romelu Lukaku Manchester Utd.
73%
9 74,00 Mio. € Romelu Lukaku Inter Mailand
73%
2 113,00 Mio. € Romelu Lukaku FC Chelsea
73%
1 117,50 Mio. € Jack Grealish Manchester City
69%
2 140,00 Mio. € Ousmane Dembélé FC Barcelona
68%
6 52,00 Mio. € Leroy Sane Manchester City
66%
5 60,00 Mio. € Leroy Sané FC Bayern
66%
1 105,00 Mio. € Paul Pogba Manchester Utd.
65%
9 41,20 Mio. € Sadio Mane FC Liverpool
65%
1 80,00 Mio. € Kai Havertz FC Chelsea
63%
4 54,00 Mio. € Antoine Griezmann Atlético Madrid
62%
2 120,00 Mio. € Antoine Griezmann FC Barcelona
62%
3 85,00 Mio. € Jadon Sancho Manchester Utd.
59%
1 76,00 Mio. € Kevin De Bruyne Manchester City
59%
7 80,00 Mio. € Lucas Hernández FC Bayern
58%
1 101,00 Mio. € Gareth Bale Real Madrid
58%
1 127,20 Mio. € João Félix Atlético Madrid
57%
4 81,60 Mio. € Dušan Vlahović Juventus Turin
56%
3 135,00 Mio. € Philippe Coutinho FC Barcelona
55%
7 53,00 Mio. € Timo Werner FC Chelsea
55%
7 35,00 Mio. € Eden Hazard FC Chelsea
53%
3 115,00 Mio. € Eden Hazard Real Madrid
53%
6 85,50 Mio. € Matthijs de Ligt Juventus Turin
52%
1 81,72 Mio. € Luis Suarez FC Barcelona
52%
4 87,00 Mio. € Harry Maguire Manchester Utd.
51%
5 84,65 Mio. € Virgil van Dijk FC Liverpool
51%
5 86,00 Mio. € Frenkie de Jong FC Barcelona
49%
8 63,75 Mio. € Pierre-Emerick Aubameyang FC Arsenal
48%
10 41,00 Mio. € Paulo Dybala / Roberto Firmino Juventus/ Liverpool
47%
1 42,00 Mio. € Thiago Silva Paris SG
47%
3 75,00 Mio. € Angel Di María Manchester Utd.
43%
3 63,00 Mio. € Ángel Di María Paris SG
43%
9 42,50 Mio. € Dayot Upamecano FC Bayern
42%
3 40,00 Mio. € Javi Martínez FC Bayern
42%
3 64,50 Mio. € Edinson Cavani Paris SG
41%
9 42,00 Mio. € Jackson Martínez GZ Evergrande (China)
41%
7 55,00 Mio. € Ferran Torres FC Barcelona
40%
2 63,70 Mio. € Raheem Sterling Manchester City
40%
5 66,50 Mio. € Achraf Hakimi Paris SG
39%
4 40,00 Mio. € Hulk Zenit S-Pb (Russland)
39%
4 55,80 Mio. € Hulk SH SIPG (China)
39%
9 32,00 Mio. € Oscar FC Chelsea
37%
3 60,00 Mio. € Oscar SH SIPG (China)
37%
4 68,00 Mio. € Rúben Dias Manchester City
36%
10 37,00 Mio. € Mario Götze FC Bayern
36%
4 47,00 Mio. € Mesut Özil Arsenal
36%
7 62,50 Mio. € Alisson FC Liverpool
35%
8 43,00 Mio. € Julian Draxler VFL Wolfsburg
34%
9 39,00 Mio. € Gonzalo Higuaín SSC Neapel
33%
2 90,00 Mio. € Gonzalo Higuaín Juventus Turin
33%
8 47,00 Mio. € Luis Díaz FC Liverpool
33%
3 75,00 Mio. € Victor Osimhen SSC Neapel
32%
5 67,80 Mio. € Riyad Mahrez Manchester City
30%
8 80,00 Mio. € Nicolas Pépé FC Arsenal
30%
10 65,00 Mio. € João Cancelo Manchester City
28%
6 35,00 Mio. € Luka Modric Real Madrid
28%
2 75,00 Mio. € James Rodríguez Real Madrid
27%
5 45,00 Mio. € James Rodríguez AS Monaco
27%
10 57,50 Mio. € Benjamin Mendy Manchester City
26%
7 43,00 Mio. € Radamel Falcao AS Monaco
25%
6 66,00 Mio. € Álvaro Morata FC Chelsea
24%
6 64,00 Mio. € Christian Pulisic FC Chelsea
24%
6 58,50 Mio. € Ben White FC Arsenal
23%
7 65,00 Mio. € Aymeric Laporte Manchester City
22%
9 60,00 Mio. € Diego Costa Atlético Madrid
22%
7 42,50 Mio. € Alexis Sánchez FC Arsenal
22%
8 38,00 Mio. € Diogo Costa FC Chelsea
21%
2 76,00 Mio. € Arthur Juventus Turin
20%
5 55,60 Mio. € John Stones Manchester City
20%
5 49,50 Mio. € David Luiz Paris SG
19%
8 60,00 Mio. € Naby Keïta FC Liverpool
19%
10 57,00 Mio. € Jorginho FC Chelsea
18%
6 60,00 Mio. € Miralem Pjanic FC Barcelona
18%
4 60,00 Mio. € Anthony Martial Manchester Utd.
16%
5 40,00 Mio. € Axel Witsel Zenit S-Pb (Russland)
16%
3 80,00 Mio. € Kepa Arrizabalaga FC Chelsea
16%
9 50,00 Mio. € Mauro Icardi Paris SG
16%
10 42,10 Mio. € Bruno Guimarães Newcastle Utd.
15%
4 72,00 Mio. € Thomas Lemar Atlético Madrid
15%
9 59,00 Mio. € Fred Manchester Utd.
14%
7 45,00 Mio. € Granit Xhaka FC Arsenal
14%
10 50,00 Mio. € Thomas Partey FC Arsenal
14%
8 50,20 Mio. € Ben Chilwell FC Chelsea
12%
8 35,00 Mio. € Willian Anzhi (Russland)
12%
8 40,00 Mio. € Fernandinho Manchester City
11%
9 37,50 Mio. € Luke Shaw Manchester Utd.
11%
6 44,73 Mio. € Juan Mata Manchester Utd.
10%
2 40,00 Mio. € Lucas Moura Paris SG
10%
10 30,70 Mio. € Robin van Persie Manchester Utd.
10%
10 41,00 Mio. € Shkodran Mustafi FC Arsenal
9%
10 36,00 Mio. € Ander Herrera Manchester Utd.
8%
5 50,00 Mio. € Alex Teixeira JS Suning (China)
6%
6 45,00 Mio. € Eliaquim Mangala Manchester City
6%
7 44,50 Mio. € Nicolás Otamendi Manchester City
6%
6 46,50 Mio. € Christian Benteke FC Liverpool
5%
8 42,00 Mio. € Henrikh Mkhitaryan Manchester Utd.
5%
Keine übereinstimmenden Quizze gefunden
Verteilung der Resultate
Anzahl Personen mit jedem Resultat
Perzentil nach korrekt beantworteten Fragen
Ihre Resultats-Entwicklung
Sie haben dieses Quiz noch nicht gespielt